000 00453nam a2200181Ia 4500
001 5008
005 20260306145836.0
008 260306t2005||||xx |||||||||||||| ||spa||
041 _aESP
082 _a332.6
_bR75
100 _aRodríguez Cairo, Vladimir
_eAUT
245 0 _aFormulación y evaluación de proyectos industriales
260 _c2005
300 _a454 páginas :
_c24 cm.
650 _aGEN
654 _aCAN
942 _cLIB
_dJUS
_fJUS
_2ddc
_n
999 _c5008
_d5008